| Registos Bibliográficos associados ao registo de autoridade |
|
Etiqueta de registo: 00254nam 2200025 450 001 2232020 003 http://id.bnportugal.gov.pt/bib/catbnp/2232020 100 ## $a20251119d2021 k y0pory01030103ba 101 0# $aeng$dpor 102 ## $aPT 105 ## $aa m 000yy 106 ## $ar 200 1# $aRemote sensing applied to lithium mineralizations$einsights for lithium exploration$fJoana Maria Cardoso Fernandes$gorient. Alexandre Martins Campos de Lima, Ana Cláudia Moreira Teodoro, Maria Encarnación
Roda-Robles 210 #9 $aPorto ;$aAveiro$c[s.n.],$d2021 215 ## $a743 p.$cil.$d30 cm 328 #1 $aTese dout. Geociências, Faculdade de Ciências da Universidade do Porto, Universidade
de Aveiro, 2021 675 ## $a681.58(043)$vBN$zpor$3408358 675 ## $a553.493(043)$vBN$zpor$31238676 700 #1 $aFernandes,$bJoana Maria Cardoso$31972446 702 #1 $aTeodoro,$bAna Cláudia Moreira$4727$31029407 702 #1 $aLima,$bAlexandre Martins Campos de$4727$31001182 702 #1 $aRoda-Robles,$bMaria Encarnación$4727$31972670 801 #0 $aPT$bBN$gRPC 856 40 $2Cópia digital disponível no Repositório Aberto da Universidade do Porto$uhttps://hdl.handle.net/10216/137032 966 ## $lBN$mFGMON$sS.A. 192643 V.$x1 971 ## $cabrito$d20251119 972 ## $e0$z0$d20260114$vasantos 973 ## $cigoulao$d20251229
Etiqueta de registo: 00254nam 2200025 450 001 2284509 003 http://id.bnportugal.gov.pt/bib/catbnp/2284509 100 ## $a20260415d2025 k y0pory01030103ba 101 0# $aeng$dpor 102 ## $aPT 105 ## $aa m 000yy 106 ## $ar 200 1# $aMineral geochesmistry for lithium exploration in tthe Barroso-Alvão pegmatite fields,
Portugal$ginsights and applications$fFilipa Catarina Lopes Dias$gsupervisor Alexandre Lima, Encarnacion Roda-Robles, Tânia Martins 210 #9 $aPorto$c[s.n.],$d2025 215 ## $a251 p.$cil.$d30 cm 328 #1 $aTese dout. Earth Science, Faculdade de Ciências, Universidade do Porto, 2025 700 #1 $aDias,$bFilipa Catarina Lopes$31995864 702 #1 $aRoda-Robles,$bMaria Encarnación$4727$31972670 702 #1 $aLima,$bAlexandre$4727$31270470 702 #1 $aMartins,$bTânia da Costa$4727$31456302 801 #0 $aPT$bBN$gRPC 971 ## $ccsilva$d20260415
Etiqueta de registo: 00254nam 2200025 450 001 2284508 003 http://id.bnportugal.gov.pt/bib/catbnp/2284508 100 ## $a20260415d2025 k y0pory01030103ba 101 0# $aeng$dpor 102 ## $aPT 105 ## $aa m 000yy 106 ## $ar 200 1# $aMineral geochesmistry for lithium exploration in the Barroso-Alvão pegmatite fields,
Portugal$ginsights and applications$fFilipa Catarina Lopes Dias$gsupervisor Alexandre Lima, Encarnacion Roda-Robles, Tânia Martins 210 #9 $aPorto$c[s.n.],$d2025 215 ## $a251 p.$cil.$d30 cm 328 #1 $aTese dout. Earth Science, Faculdade de Ciências, Universidade do Porto, 2025 700 #1 $aDias,$bFilipa Catarina Lopes$31995864 702 #1 $aRoda-Robles,$bMaria Encarnación$4727$31972670 702 #1 $aLima,$bAlexandre$4727$31270470 702 #1 $aMartins,$bTânia da Costa$4727$31456302 801 #0 $aPT$bBN$gRPC 966 ## $lBN$mFGMON$x1 971 ## $ccsilva$d20260415
|
|
|